Regional integration: Europe, the Mediterranean and the world economy [proceedings] : 53rd ERSA congress : 27-31 August, 2013, Palermo, Italy

Enregistré dans:
Détails bibliographiques
Collectivités auteurs: Regional integration: Europe, the Mediterranean and the world economy. Congress, Università degli Studi di Palermo
Format: Livre
Langue:anglais
Publié: Louvain-la-Neuve ERSA [2013]
Sujets:
Tags: Ajouter un tag
Pas de tags, Soyez le premier à ajouter un tag!

MARC

LEADER 00000nlm a2200000 4500
001 0176608
005 20221221130534.8
041 0 |a eng 
044 |a BE 
245 1 0 |a Regional integration: Europe, the Mediterranean and the world economy  |b [proceedings] : 53rd ERSA congress : 27-31 August, 2013, Palermo, Italy 
264 1 |a Louvain-la-Neuve  |b ERSA  |c [2013] 
300 |a CD-ROM [5058 s.] 
610 2 0 |a integrácia regionálna 
610 2 0 |a rozvoj regionálny 
610 2 0 |a hospodárstvo svetové 
610 2 0 |a Európa 
110 2 |a Regional integration: Europe, the Mediterranean and the world economy. Congress 
710 2 |a Università degli Studi di Palermo